Professional conduct (Record no. 93031)
[ view plain ]
| 000 -LEADER | |
|---|---|
| fixed length control field | 00833cam a2200277 4500 |
| 008 - FIXED-LENGTH DATA ELEMENTS--GENERAL INFORMATION | |
| fixed length control field | 090401t1990 xxu||||| |||| 00| 0 eng d |
| 020 ## - INTERNATIONAL STANDARD BOOK NUMBER | |
| International Standard Book Number | 085406477X |
| 035 ## - SYSTEM CONTROL NUMBER | |
| System control number | (Sirsi) u52325 |
| 041 ## - LANGUAGE CODE | |
| Language code of text/sound track or separate title | eng |
| 050 ## - LIBRARY OF CONGRESS CALL NUMBER | |
| Classification number | 333.0062 |
| -- | 18 |
| 090 ## - LOCALLY ASSIGNED LC-TYPE CALL NUMBER (OCLC); LOCAL CALL NUMBER (RLIN) | |
| Classification number (OCLC) (R) ; Classification number, CALL (RLIN) (NR) | RICS 1990/75 ABCDE |
| 100 ## - MAIN ENTRY--PERSONAL NAME | |
| Personal name | Chalkley, Richard |
| 245 ## - TITLE STATEMENT | |
| Title | Professional conduct |
| Remainder of title | a handbook for chartered surveyors |
| 260 ## - PUBLICATION, DISTRIBUTION, ETC. | |
| Place of publication, distribution, etc. | London |
| Name of publisher, distributor, etc. | RICS Books |
| Date of publication, distribution, etc. | 1990 |
| 300 ## - PHYSICAL DESCRIPTION | |
| Extent | xiii, 162p. |
| Dimensions | 21cm. |
| 350 ## - PRICE (NR) (BK AM CF MU VM SE) [OBSOLETE] | |
| Price | 9.95 |
| 520 ## - SUMMARY, ETC. | |
| Summary, etc. | Superseded by second edition (ISBN 0854066578). |
| 650 ## - SUBJECT ADDED ENTRY--TOPICAL TERM | |
| Topical term or geographic name entry element | PROFESSIONAL CONDUCT |
| 650 ## - SUBJECT ADDED ENTRY--TOPICAL TERM | |
| Topical term or geographic name entry element | RICS BYE-LAWS |
| 650 ## - SUBJECT ADDED ENTRY--TOPICAL TERM | |
| Topical term or geographic name entry element | RICS REGULATIONS |
| 650 ## - SUBJECT ADDED ENTRY--TOPICAL TERM | |
| Topical term or geographic name entry element | RICS RULES OF CONDUCT |
| 690 ## - LOCAL SUBJECT ADDED ENTRY--TOPICAL TERM (OCLC, RLIN) | |
| Topical term or geographic name as entry element | MANAGEMENT-BUSINESS MANAGEMENT-PROFESSIONAL PRACTICE |
| 710 ## - ADDED ENTRY--CORPORATE NAME | |
| Corporate name or jurisdiction name as entry element | Royal Institution of Chartered Surveyors |
| 9 (RLIN) | 4900 |
| 942 ## - ADDED ENTRY ELEMENTS (KOHA) | |
| Suppress in OPAC | 0 |
| 948 ## - LOCAL PROCESSING INFORMATION (OCLC); SERIES PART DESIGNATOR (RLIN) | |
| c (OCLC) | 04/03/1997 |
| Withdrawn status | Lost status | Source of classification or shelving scheme | Damaged status | Not for loan | Home library | Current library | Shelving location | Date acquired | Cost, normal purchase price | Total Checkouts | Full call number | Barcode | Date last seen | Copy number | Cost, replacement price | Price effective from | Koha item type |
|---|---|---|---|---|---|---|---|---|---|---|---|---|---|---|---|---|---|
| Dewey Decimal Classification | London | London | RICS Boxes | 14/09/1999 | 9.95 | RICS 1990/75 | 30022704 | 06/08/2019 | 1 | 9.95 | 06/08/2019 | Archive | |||||
| Dewey Decimal Classification | London | London | RICS Boxes | 14/09/1999 | 9.95 | RICS 1990/75 | 30030055 | 06/08/2019 | 2 | 9.95 | 06/08/2019 | Book | |||||
| Dewey Decimal Classification | London | London | RICS Boxes | 14/09/1999 | 9.95 | RICS 1990/75 | 30031591 | 06/08/2019 | 3 | 9.95 | 06/08/2019 | Reference material | |||||
| Dewey Decimal Classification | London | London | RICS Boxes | 14/09/1999 | 9.95 | RICS 1990/75 | 30031595 | 06/08/2019 | 4 | 9.95 | 06/08/2019 | Book | |||||
| Dewey Decimal Classification | London | London | RICS Boxes | 04/02/1993 | 9.95 | RICS 1990/75 | 30038001 | 06/08/2019 | 5 | 9.95 | 06/08/2019 | Book |